[Event "FRA-FRG"]
[Site "Uzes"]
[Date "1990.??.??"]
[Round "2"]
[White "Renet, Olivier"]
[Black "Hort, Vlastimil"]
[Result "1/2-1/2"]
[WhiteElo "2495"]
[BlackElo "2545"]
[PlyCount "73"]
[EventDate "1990.10.??"]
[Source "ChessBase"]

1. e4 e5 2. Nf3 Nc6 3. Bb5 a6 4. Ba4 d6 5. c3 Nf6 6. O-O Bg4 7. h3 Bh5 8. Re1 Be7 9. d3 Nd7 10. Nbd2 Nc5 11. Bxc6+ bxc6 12. Nf1 Ne6 13. Ng3 Bxf3 14. Qxf3 O-O 15. Be3 c5 16. Rad1 Rb8 17. Re2 Bf6 18. Rc2 Re8 19. Nf5 g6 20. Nh6+ Kg7 21. h4 Qe7 22. g3 Kh8 23. Bg5 Kg7 24. Bc1 Kh8 25. Kg2 c6 26. Rh1 Rb7 27. h5 Bg7 28. Ng4 Ng5 29. Bxg5 Qxg5 30. Ne3 Kg8 31. Nc4 Qd8 32. Re2 Rd7 33. Qg4 Qe7 34. Qh3 Qe6 35. hxg6 Qxh3+ 36. Rxh3 fxg6 37. f4 1/2-1/2

[Event "It (Men) Dos Hermanas ESP"]
[Site "?"]
[Date "2005.04.01"]
[Round "1"]
[White "Rodriguez Guerrero Enrique"]
[Black "Campora Daniel Hugo"]
[Result "1/2-1/2"]
[WhiteElo "2449"]
[BlackElo "2545"]
[PlyCount "96"]
[EventDate "2005.??.??"]
[Source "www.chesslib.no"]
[SourceDate "2004.05.04"]

1. e4 e5 2. Nf3 Nc6 3. Bb5 a6 4. Ba4 d6 5. c3 Bg4 6. d4 b5 7. Bb3 Nf6 8. O-O Be7 9. Be3 O-O 10. d5 Na5 11. Bc2 Nc4 12. Bc1 c6 13. dxc6 Qc8 14. h3 Bh5 15. a4 Qxc6 16. axb5 axb5 17. Rxa8 Rxa8 18. Re1 h6 19. Qd3 Nd7 20. Nbd2 Bg6 21. Nf1 Ra2 22. Qe2 Nc5 23. Ng3 Bf6 24. h4 Kh8 25. h5 Bh7 26. Nh2 Ne6 27. Ng4 Bg5 28. Bb3 Ra1 29. Bxg5 Rxe1+ 30. Qxe1 Nxg5 31. Bxc4 bxc4 32. f3 f6 33. Ne3 Ne6 34. Kh2 Nf4 35. Qd2 Qc5 36. Ngf5 Bxf5 37. Nxf5 d5 38. g3 Nd3 39. b4 Qb5 40. Qa2 Qe8 41. g4 dxe4 42. Qxc4 Qa4 43. Ne3 Qa1 44. Qc8+ Kh7 45. Qf5+ Kh8 46. Qc8+ Kh7 47. Qf5+ Kh8 48. Qc8+ Kh7 1/2-1/2

[Event "RUS-Cup3"]
[Site "Omsk"]
[Date "1996.??.??"]
[Round "6"]
[White "Kotsur, Pavel"]
[Black "Yandemirov, Valeri"]
[Result "1/2-1/2"]
[WhiteElo "2505"]
[BlackElo "2465"]
[PlyCount "144"]
[EventDate "1996.12.13"]
[Source "ChessBase"]
[SourceDate "1997.04.10"]

1. e4 e5 2. Nf3 Nc6 3. Bb5 a6 4. Ba4 d6 5. c3 g6 6. O-O Bg7 7. Re1 Nge7 8. d4 O-O 9. h3 Kh8 10. Bb3 Qe8 11. dxe5 dxe5 12. a4 f5 13. Ng5 Ng8 14. Qd5 h6 15. Ne6 Nf6 16. Nxg7 Kxg7 17. Qc5 Nxe4 18. Qe3 g5 19. h4 Qh5 20. Bd5 Qxh4 21. Nd2 Nf6 22. Bxc6 Ng4 23. Qc5 Qh2+ 24. Kf1 bxc6 25. f3 Qh1+ 26. Qg1 Qxg1+ 27. Kxg1 Nf6 28. Rxe5 Bd7 29. Nc4 Rfe8 30. Bd2 Be6 31. Na5 Rad8 32. Re2 Bf7 33. Rxe8 Rxe8 34. Kf2 Rb8 35. b3 Nd7 36. c4 Nc5 37. Be3 Nxb3 38. Rb1 Nxa5 39. Rxb8 Nxc4 40. Bd4+ Kg6 41. Ra8 a5 42. Bc3 Nb6 43. Rxa5 Bb3 44. Bd4 Nxa4 45. Ra7 c5 46. Be5 f4 47. Ra6+ Kf5 48. Bxc7 c4 49. Rxh6 c3 50. Ba5 c2 51. Rc6 Nb2 52. Bd2 Ke5 53. Ke1 Ba4 54. Rc8 Nd3+ 55. Kf1 Kd4 56. Ke2 Nc5 57. Bc1 Bb5+ 58. Ke1 Nd3+ 59. Kd2 Nxc1 60. Kxc1 Ke3 61. Rc5 Bf1 62. Rxc2 Be2 63. Rc5 g4 64. Re5+ Kf2 65. Rxe2+ Kxe2 66. fxg4 Kf2 67. g5 Kxg2 68. g6 f3 69. g7 f2 70. g8=Q+ Kh2 71. Qh7+ Kg2 72. Qe4+ Kh2 1/2-1/2

[Event "Cannes op"]
[Site "Cannes"]
[Date "1995.??.??"]
[Round "5"]
[White "Sale, Srdjan"]
[Black "Sermek, Drazen"]
[Result "1/2-1/2"]
[WhiteElo "2390"]
[BlackElo "2515"]
[PlyCount "142"]
[EventDate "1995.02.??"]
[Source "ChessBase"]

1. e4 e5 2. Nf3 Nc6 3. Bb5 a6 4. Ba4 d6 5. c3 Nge7 6. d4 Bd7 7. Be3 Ng6 8. Nbd2 Be7 9. O-O O-O 10. a3 h6 11. b4 exd4 12. cxd4 f5 13. exf5 Bxf5 14. Rc1 d5 15. Bxc6 bxc6 16. Rxc6 Bd6 17. Qb3 Kh8 18. Rfc1 a5 19. Kh1 axb4 20. axb4 Rb8 21. b5 Ne7 22. Ra6 Bd7 23. b6 Bc8 24. Ra7 Rxb6 25. Qa2 Bf5 26. Ra6 Rb8 27. Ra5 Bd3 28. Qa4 Rb4 29. Qa1 Bb5 30. Rb1 Rxb1+ 31. Qxb1 c6 32. Ra7 Nf5 33. Nf1 Qe8 34. Ng3 Nxe3 35. fxe3 Qb8 36. Rd7 Rf6 37. Ne5 Qe8 38. Nf5 Bxe5 39. dxe5 Rf8 40. Ra7 Qg6 41. e4 dxe4 42. Ne3 Re8 43. Qb4 Qg5 44. Qxe4 Qxe5 45. Qxe5 Rxe5 46. Ra3 Kg8 47. Kg1 Kf7 48. Kf2 Re4 49. Ra7+ Re7 50. Ra8 Rd7 51. Kf3 Ke6 52. Re8+ Kd6 53. Ke4 Kc5 54. Re5+ Kb6 55. Re6 Bd3+ 56. Ke5 Kb5 57. Re8 Bg6 58. Rb8+ Kc5 59. g4 Rd4 60. Nf5 Rxg4 61. Nxg7 Bf7 62. Nf5 Rg6 63. Rb1 Re6+ 64. Kf4 h5 65. Rc1+ Kb6 66. Rb1+ Kc7 67. Rg1 Bg6 68. Ng7 Rd6 69. Ke5 Bf7 70. Ra1 Rd5+ 71. Kf6 Bg8 1/2-1/2

[Event "Virxe Peregrina"]
[Site "?"]
[Date "2004.08.14"]
[Round "3.3"]
[White "Nanu Ciprian-Costica"]
[Black "Danilov Ilie Vladimir"]
[Result "1/2-1/2"]
[WhiteElo "2505"]
[BlackElo "2383"]
[PlyCount "25"]
[EventDate "2004.??.??"]
[Source "www.chesslib.no"]
[SourceDate "2004.05.04"]

1. e4 e5 2. Nf3 Nc6 3. Bb5 a6 4. Ba4 d6 5. c3 Nf6 6. Qe2 Nd7 7. O-O h6 8. d4 Qe7 9. d5 Ncb8 10. Bc2 g6 11. c4 Bg7 12. Nc3 O-O 13. Bd2 1/2-1/2

[Event "Anapa"]
[Site "Anapa"]
[Date "1991.??.??"]
[Round "?"]
[White "Beshukov, Sergei"]
[Black "Sherbakov, Ruslan"]
[Result "1/2-1/2"]
[WhiteElo "2310"]
[BlackElo "2525"]
[PlyCount "31"]
[EventDate "1991.??.??"]
[Source "www.chesslib.no"]
[SourceDate "2004.05.04"]

1. e4 e5 2. Nf3 Nc6 3. Bb5 a6 4. Ba4 d6 5. c3 Nf6 6. d4 Bd7 7. Qe2 Qe7 8. d5 Nd8 9. Bxd7+ Nxd7 10. c4 g6 11. h4 h5 12. Nc3 Bg7 13. Qc2 c5 14. Be3 f6 15. Rh3 Nf7 16. Rg3 1/2-1/2

[Event "COL-ch"]
[Site "Pensilvania"]
[Date "1998.08.11"]
[Round "8"]
[White "Garcia, Gildardo"]
[Black "Rios, Alejandro"]
[Result "0-1"]
[WhiteElo "2510"]
[BlackElo "2325"]
[PlyCount "90"]
[EventDate "1998.08.??"]
[Source "www.chesslib.no"]
[SourceDate "2004.05.04"]

1. e4 e5 2. Nf3 Nc6 3. Bb5 a6 4. Ba4 d6 5. c3 Nge7 6. d4 Bd7 7. Be3 Ng6 8. h4 Be7 9. g3 b5 10. Bb3 h5 11. Ng5 Bxg5 12. hxg5 h4 13. Qf3 Qe7 14. Nd2 Na5 15. Bc2 O-O-O 16. O-O-O h3 17. Rh2 Rh7 18. Rdh1 Rdh8 19. Bd3 Kb8 20. Kb1 f6 21. gxf6 gxf6 22. g4 Rh4 23. Rxh3 Bxg4 24. Rxh4 Rxh4 25. Qg2 Qh7 26. Rxh4 Qxh4 27. a4 bxa4 28. Bxa6 Nb3 29. Bb5 Nf4 30. Qf1 Nxd2+ 31. Bxd2 Bf3 32. Bc6 Ne2 33. Ka1 exd4 34. Qb1 Qxf2 35. Qc2 d3 36. Qxd3 Qf1+ 37. Bc1 Qxc1+ 38. Ka2 Qg1 39. Qxf3 Nc1+ 40. Kb1 Nd3+ 41. Ka2 Nc1+ 42. Kb1 Nb3+ 43. Kc2 Qc1+ 44. Kd3 Qxb2 45. Qxf6 Nc1+ 0-1

[Event "otb"]
[Site "otb"]
[Date "2007.04.07"]
[Round "7"]
[White "Munoz Pantoja Miguel"]
[Black "Rios Alejandro"]
[Result "0-1"]
[WhiteElo "2486"]
[BlackElo "2342"]
[PlyCount "102"]
[Source "www.chesslib.no"]
[SourceDate "2004.05.04"]

1. e4 e5 2. Nf3 Nc6 3. Bb5 a6 4. Ba4 d6 5. c3 Nge7 6. d4 Bd7 7. Be3 Ng6 8. Nbd2 Be7 9. Bb3 O-O 10. h4 Bg4 11. h5 Nh4 12. Rg1 Nxf3+ 13. gxf3 Bxh5 14. Nf1 Bh4 15. Ng3 Bxg3 16. fxg3 exd4 17. cxd4 Na5 18. Bc2 Nc4 19. Qe2 Nxe3 20. Qxe3 Bg6 21. O-O-O d5 22. e5 Bxc2 23. Kxc2 Qd7 24. Qd3 Qc6+ 25. Kb1 Qg6 26. f4 Qxd3+ 27. Rxd3 f6 28. Rb3 Rab8 29. Rc1 c6 30. Kc2 g6 31. Kd3 Kf7 32. g4 Ke6 33. exf6 Rxf6 34. Rh1 Rxf4 35. Rxh7 b5 36. Rc3 Kd6 37. g5 Re8 38. Rg7 Re6 39. Rg8 Rg4 40. Ra8 Rxg5 41. Rxa6 Rg3+ 42. Kc2 Rxc3+ 43. Kxc3 g5 44. Ra8 Rg6 45. Rd8+ Ke6 46. Kb4 g4 47. Kc5 g3 48. Re8+ Kf5 49. Re1 g2 50. Rg1 Ke4 51. b3 Kf3 0-1

[Event "Castellar Open"]
[Site "Castellar"]
[Date "1995.??.??"]
[Round "?"]
[White "Kuczynski, Robert"]
[Black "Fernandez Aguado, Juan Luis"]
[Result "1-0"]
[WhiteElo "2510"]
[BlackElo "2315"]
[PlyCount "77"]
[EventDate "1995.??.??"]
[Source "www.chesslib.no"]
[SourceDate "2004.05.04"]

1. e4 e5 2. Nf3 Nc6 3. Bb5 a6 4. Ba4 d6 5. c3 Nf6 6. d4 Bd7 7. Nbd2 Be7 8. O-O O-O 9. h3 exd4 10. cxd4 Nb4 11. Bxd7 Nxd7 12. Qb3 c5 13. dxc5 dxc5 14. a3 Nc6 15. Qxb7 Na5 16. Qd5 Nf6 17. Qa2 Rb8 18. Re1 Qd7 19. Ne5 Qb7 20. Nec4 Nxc4 21. Qxc4 Rfd8 22. Nf3 Qb5 23. Qxb5 Rxb5 24. Ne5 Bf8 25. f3 Bd6 26. Rd1 c4 27. Bf4 g5 28. Bxg5 Bxe5 29. Rxd8+ Kg7 30. Bxf6+ Bxf6 31. Rc8 Bxb2 32. Rd1 c3 33. f4 Bxa3 34. Rxc3 Bb4 35. Rc7 Bc5+ 36. Kh2 Be3 37. Kg3 Rb3 38. Kg4 Kg6 39. Rd6+ 1-0

[Event "Merida"]
[Site "Merida MEX"]
[Date "1993.??.??"]
[Round "7"]
[White "Rodriguez Cespedes, Amador"]
[Black "Rios Parra, Alejandro"]
[Result "0-1"]
[WhiteElo "2480"]
[BlackElo "2335"]
[PlyCount "80"]
[EventDate "1993.05.??"]
[Source "www.chesslib.no"]
[SourceDate "2004.05.04"]

1. e4 e5 2. Nf3 Nc6 3. Bb5 a6 4. Ba4 d6 5. c3 Nge7 6. d4 Bd7 7. Be3 Ng6 8. h4 Be7 9. g3 h5 10. Nbd2 b5 11. Bb3 Na5 12. Bc2 c5 13. d5 Bg4 14. b3 O-O 15. Kf1 Qd7 16. Kg2 f6 17. Qb1 Rf7 18. a4 b4 19. cxb4 cxb4 20. Ne1 Raf8 21. Bb6 f5 22. Bxa5 f4 23. Nd3 fxg3 24. fxg3 Be2 25. Qe1 Qg4 26. Bd1 Nxh4+ 27. Rxh4 Bxh4 28. Bxe2 Rf2+ 29. Qxf2 Rxf2+ 30. Kxf2 Qxg3+ 31. Kf1 Qh3+ 32. Kg1 Qe3+ 33. Kf1 Qxd2 34. Bxb4 Qe3 35. Be1 Qxe4 36. Nf2 Qf4 37. Rd1 e4 38. Rd4 Qf5 39. Kg2 Qg5+ 40. Kh1 Qc1 0-1

[Event "Cherepovets"]
[Site "Cherepovets"]
[Date "1997.??.??"]
[Round "9"]
[White "Panikarovsky, A."]
[Black "Ditiatev, Sergey"]
[Result "0-1"]
[WhiteElo "2335"]
[BlackElo "2465"]
[PlyCount "46"]
[EventDate "1997.??.??"]
[Source "www.chesslib.no"]
[SourceDate "2004.05.04"]

1. e4 e5 2. Nf3 Nc6 3. Bb5 a6 4. Ba4 d6 5. c3 Nf6 6. Bc2 Be7 7. h3 O-O 8. d4 exd4 9. cxd4 Nb4 10. O-O Nxc2 11. Qxc2 d5 12. Nc3 Nxe4 13. Nxe4 dxe4 14. Qxe4 Be6 15. Re1 c6 16. Be3 Bd5 17. Qg4 f5 18. Qh5 g6 19. Qh6 Bxf3 20. gxf3 Bf6 21. Rad1 Qd5 22. Kg2 Qxa2 23. Bg5 Bg7 0-1

[Event "Castellar Open"]
[Site "Castellar"]
[Date "1995.??.??"]
[Round "?"]
[White "Barlov, Dragan"]
[Black "Fernandez Aguado, Juan Luis"]
[Result "1/2-1/2"]
[WhiteElo "2485"]
[BlackElo "2315"]
[PlyCount "84"]
[EventDate "1995.??.??"]
[Source "www.chesslib.no"]
[SourceDate "2004.05.04"]

1. e4 e5 2. Nf3 Nc6 3. Bb5 a6 4. Ba4 d6 5. c3 Nf6 6. Qe2 Be7 7. O-O O-O 8. Rd1 Bd7 9. Bc2 Qe8 10. d3 Kh8 11. a3 Ng8 12. d4 f6 13. Nbd2 g5 14. Nf1 Nd8 15. dxe5 dxe5 16. Ng3 Ne6 17. Nf5 Nf4 18. Bxf4 gxf4 19. N3h4 Be6 20. Qg4 Qf7 21. Rd3 Nh6 22. Nxh6 Bxg4 23. Nxf7+ Rxf7 24. Bb3 Rff8 25. h3 Bc8 26. Rad1 Bd6 27. Kf1 Bd7 28. Ke2 Bb5 29. c4 Bc6 30. f3 a5 31. Nf5 Bc5 32. Kf1 a4 33. Ba2 Rfe8 34. R1d2 Kg8 35. g3 fxg3 36. Rg2 Kh8 37. Rxg3 Rg8 38. Rxg8+ Rxg8 39. Ne3 Rg3 40. Rd8+ Rg8 41. Rxg8+ Kxg8 42. Nd5 Bxd5 1/2-1/2

[Event "Leinfelder Schachtage op 2nd"]
[Site "?"]
[Date "2000.??.??"]
[Round "5"]
[White "Kabisch Thilo"]
[Black "Klovans Janis"]
[Result "0-1"]
[WhiteElo "2290"]
[BlackElo "2492"]
[PlyCount "72"]
[EventDate "2000.??.??"]
[Source "www.chesslib.no"]
[SourceDate "2004.05.04"]

1. e4 e5 2. Nf3 Nc6 3. Bb5 a6 4. Ba4 d6 5. c3 Nf6 6. d4 Bd7 7. Nbd2 g6 8. O-O Bg7 9. Re1 O-O 10. h3 exd4 11. cxd4 Nb4 12. Bb3 Nd3 13. Re3 Nxc1 14. Rxc1 Bh6 15. Rec3 c6 16. e5 dxe5 17. dxe5 Nd5 18. Bxd5 cxd5 19. Qb3 Bb5 20. Rd1 Be2 21. Re1 d4 22. Rc5 d3 23. Rd5 Qe7 24. Ne4 Rad8 25. Nf6+ Kg7 26. Qc3 Bxf3 27. gxf3 d2 28. Rd1 Qe6 29. Rc5 Bf4 30. Kg2 b6 31. Rc6 Qxe5 32. Rxb6 Qxc3 33. bxc3 Rd3 34. Rc6 Rb8 35. c4 Rc3 36. Kf1 Rc1 0-1

[Event "Trelew"]
[Site "Trelew ARG"]
[Date "1972.06.03"]
[Round "2"]
[White "Pelikan, Jorge"]
[Black "Pilnik, Hermann"]
[Result "0-1"]
[WhiteElo "2350"]
[BlackElo "2420"]
[PlyCount "78"]
[EventDate "1972.06.??"]
[Source "www.chesslib.no"]
[SourceDate "2004.05.04"]

1. e4 e5 2. Nf3 Nc6 3. Bb5 a6 4. Ba4 d6 5. c3 Nge7 6. d3 Ng6 7. h4 h5 8. Bg5 Be7 9. Bxe7 Qxe7 10. g3 Bg4 11. Nbd2 Nf8 12. Qe2 Nd7 13. Qe3 Nb6 14. Bd1 d5 15. a4 dxe4 16. dxe4 f6 17. a5 Nc8 18. O-O Nd6 19. Ba4 Bd7 20. b4 Rg8 21. Bb3 Be6 22. Bd5 Nd8 23. c4 c6 24. Bxe6 Nxe6 25. c5 Nb5 26. Nc4 O-O-O 27. Rfd1 Kb8 28. Ne1 Ned4 29. Rac1 g5 30. Ng2 Qe6 31. hxg5 fxg5 32. f3 Rdf8 33. Nd2 Qh3 34. Qf2 h4 35. g4 Rxf3 36. Nxf3 Nxf3+ 37. Kf1 Rf8 38. Rd3 Qh1+ 39. Ke2 Nfd4+ 0-1

[Event "COL-ch"]
[Site "Pensilvania"]
[Date "1998.08.05"]
[Round "5"]
[White "Perdomo, Carlos Andres"]
[Black "Castro Rojas, Oscar Humberto"]
[Result "1-0"]
[WhiteElo "2410"]
[BlackElo "2350"]
[PlyCount "198"]
[EventDate "1998.08.??"]
[Source "www.chesslib.no"]
[SourceDate "2004.05.04"]

1. e4 e5 2. Nf3 Nc6 3. Bb5 a6 4. Ba4 d6 5. c3 b5 6. Bb3 Nf6 7. Ng5 d5 8. exd5 Na5 9. Qe2 Nxb3 10. axb3 Qxd5 11. Nf3 e4 12. d3 Qxd3 13. Qxd3 exd3 14. O-O Bb7 15. Ne5 Bd6 16. Nxd3 O-O-O 17. h3 Rhe8 18. Be3 Ne4 19. b4 f5 20. Na3 g5 21. Nc5 f4 22. Nxb7 Kxb7 23. Bd4 Bxb4 24. Nc2 Bf8 25. b4 c5 26. bxc5 Bxc5 27. Bxc5 Nxc5 28. Rfb1 Rd3 29. c4 Rc3 30. Nb4 Rxc4 31. Nxa6 Nxa6 32. Rxb5+ Kc6 33. Rxg5 Nc5 34. Rg7 Re2 35. Rxh7 Rcc2 36. Rh6+ Kd5 37. Rd1+ Ke5 38. Rh5+ Kf6 39. Rb1 Ne6 40. Rf1 Red2 41. Rh6+ Kf5 42. Rh5+ Kg6 43. Rh8 Nd4 44. Rg8+ Kf7 45. Rg4 Ke6 46. Rg6+ Kf5 47. Rg8 Ra2 48. Rf8+ Kg6 49. Rg8+ Kh6 50. Rh8+ Kg7 51. Rh4 Kg6 52. Rg4+ Kh5 53. Rg8 Rac2 54. Rh8+ Kg6 55. Rg8+ Kf7 56. Rg4 Ke6 57. Rg6+ Kf5 58. Rg8 Ne6 59. Rh8 Ng7 60. Rf8+ Kg5 61. Rg8 Kg6 62. Ra8 Nh5 63. Ra6+ Kf7 64. Rb1 Rd7 65. Rh6 Nf6 66. Rh4 Rd4 67. Ra1 Re4 68. Rb1 Ra2 69. Rc1 Kg6 70. Rh8 Ree2 71. Rf1 Reb2 72. Rf8 Rc2 73. Rb8 Nd7 74. Rb4 Kf5 75. Rb5+ Ne5 76. Rd1 Ke6 77. Rf1 Nd3 78. Rb6+ Kd5 79. Rd1 Kc5 80. Rb8 Nxf2 81. Rc8+ Kb6 82. Rb1+ Ka7 83. Rxc2 Rxc2 84. Rf1 Nd3 85. Rf3 Rd2 86. h4 Nc1 87. h5 Ne2+ 88. Kh2 Rd5 89. h6 Rd7 90. Rf2 Re7 91. Kh3 f3 92. g4 Nc3 93. Rxf3 Ne4 94. Kh4 Rc7 95. Rf4 Nc5 96. g5 Ne6 97. Rf6 Rc4+ 98. Kh5 Nf4+ 99. Rxf4 Rxf4 1-0

[Event "Biel MTO"]
[Site "Biel"]
[Date "2001.08.03"]
[Round "11"]
[White "Yagupov, Igor"]
[Black "Belotelov, Denis"]
[Result "1-0"]
[WhiteElo "2444"]
[BlackElo "2308"]
[PlyCount "121"]
[EventDate "2001.07.23"]
[Source "ChessBase"]
[SourceDate "2001.09.11"]

1. e4 e5 2. Nf3 Nc6 3. Bb5 a6 4. Ba4 d6 5. c3 Bg4 6. h3 Bxf3 7. Qxf3 Qf6 8. Qe2 Qg6 9. O-O Nf6 10. d3 Be7 11. Nd2 O-O 12. Re1 Nh5 13. Nf3 Nd8 14. Bd1 Nf4 15. Bxf4 exf4 16. Nd4 c5 17. Nf5 Nc6 18. Bb3 Qf6 19. Bd5 g6 20. Nh6+ Kh8 21. Ng4 Qg7 22. Nh2 Bf6 23. Rad1 h5 24. Nf3 Rae8 25. Bxc6 bxc6 26. d4 cxd4 27. cxd4 g5 28. e5 Bd8 29. Nh2 Qg6 30. Qxa6 dxe5 31. dxe5 g4 32. Qd3 Qg5 33. hxg4 hxg4 34. g3 fxg3 35. Qxg3 Rg8 36. Rd4 f5 37. Qf4 Qh5 38. Rd6 Bg5 39. Qd4 Ref8 40. Nf1 Rg7 41. Ng3 Qh3 42. Rf6 Bxf6 43. exf6 Rgf7 44. Nxf5 g3 45. Nxg3 Rg8 46. Re4 Rxg3+ 47. fxg3 Qxg3+ 48. Kf1 Qf3+ 49. Ke1 Rxf6 50. Rh4+ Kg7 51. Qg4+ Qxg4 52. Rxg4+ Kf7 53. Rg2 Ke6 54. Rd2 Rf5 55. Kd1 Rc5 56. a3 Rc4 57. Rc2 Kd5 58. Rxc4 Kxc4 59. Kc2 c5 60. b3+ Kb5 61. Kc3 1-0

[Event "Schneider Memorial Open"]
[Site "Budapest HUN"]
[Date "1991.??.??"]
[Round "10"]
[White "Shalnev, Nicolai"]
[Black "Safin, Shukhrat"]
[Result "0-1"]
[WhiteElo "2335"]
[BlackElo "2410"]
[PlyCount "72"]
[EventDate "1991.??.??"]
[Source "www.chesslib.no"]
[SourceDate "2004.05.04"]

1. e4 e5 2. Nf3 Nc6 3. Bb5 a6 4. Ba4 d6 5. c3 Nge7 6. d3 Ng6 7. g3 Be7 8. h4 Bg4 9. h5 Nf8 10. Qe2 Ne6 11. h6 g6 12. Nbd2 O-O 13. Qf1 f5 14. Nh2 Bh5 15. Bb3 Qd7 16. Qh3 Kh8 17. Bxe6 Qxe6 18. exf5 Qd5 19. f3 Qxd3 20. g4 e4 21. Qf1 Qc2 22. Qe2 Bh4+ 23. Kf1 Rae8 24. Nxe4 Qxe2+ 25. Kxe2 gxf5 26. gxh5 fxe4 27. Be3 exf3+ 28. Nxf3 Bg3 29. Rh3 Bf4 30. Nd4 Nxd4+ 31. cxd4 Bxh6 32. Rg1 Rg8 33. Rf1 Bxe3 34. Rxe3 Rg2+ 35. Kd3 Rxe3+ 36. Kxe3 Kg8 0-1

[Event "Balaton Summer op"]
[Site "?"]
[Date "2002.06.22"]
[Round "2"]
[White "Szabo Zsolt Jozsef"]
[Black "Boguszlavszkij Jevgenyij"]
[Result "1-0"]
[WhiteElo "2449"]
[BlackElo "2285"]
[PlyCount "84"]
[EventDate "2002.??.??"]
[Source "www.chesslib.no"]
[SourceDate "2004.05.04"]

1. e4 e5 2. Nf3 Nc6 3. Bb5 a6 4. Ba4 d6 5. c3 Bg4 6. d3 Qf6 7. Nbd2 Nge7 8. h3 Bd7 9. Nf1 h6 10. d4 O-O-O 11. d5 Nb8 12. Bxd7+ Nxd7 13. Ng3 g6 14. Qc2 Qg7 15. Bd2 f5 16. c4 fxe4 17. Nxe4 Nf6 18. O-O-O Nxe4 19. Qxe4 Qf7 20. g4 Bg7 21. Be3 Rhf8 22. Nd2 g5 23. Qc2 Kb8 24. Ne4 Qg6 25. h4 gxh4 26. Rxh4 Ng8 27. Rdh1 Nf6 28. Nxf6 Qxc2+ 29. Kxc2 Rxf6 30. Kd3 Rdf8 31. Ke4 R8f7 32. b3 b6 33. R1h3 Kb7 34. Rh5 Bf8 35. f3 b5 36. Rf5 bxc4 37. Rxf6 Rxf6 38. bxc4 c5 39. Rh5 Kb6 40. Bd2 Bg7 41. Rf5 Rg6 42. Rf7 h5 1-0

[Event "II Magitral Ciutat de Badalona"]
[Site "Badalona"]
[Date "2003.??.??"]
[Round "4"]
[White "Baches Garcia, Guillermo"]
[Black "Rios Parra, Alejandro"]
[Result "1/2-1/2"]
[WhiteElo "2397"]
[BlackElo "2324"]
[PlyCount "39"]
[EventDate "2003.03.11"]
[Source "Roberto Alvarez"]
[SourceDate "2003.03.17"]

1. e4 e5 2. Nf3 Nc6 3. Bb5 a6 4. Ba4 d6 5. c3 Nge7 6. d4 Bd7 7. Be3 Ng6 8. h4 Be7 9. h5 Nh4 10. Nxh4 Bxh4 11. d5 Nb8 12. Bxd7+ Nxd7 13. Qg4 Bf6 14. Nd2 h6 15. g3 Bg5 16. f4 Bf6 17. O-O-O O-O 18. Nf3 Kh8 19. Rhe1 Re8 20. Bf2 1/2-1/2

[Event "Ciego de Avila"]
[Site "Ciego de Avila"]
[Date "1996.??.??"]
[Round "7"]
[White "Guedez, Armando"]
[Black "Rios Parra, Alejandro"]
[Result "1-0"]
[WhiteElo "2365"]
[BlackElo "2335"]
[PlyCount "115"]
[EventDate "1996.11.01"]
[Source "ChessBase"]

1. e4 e5 2. Nf3 Nc6 3. Bb5 a6 4. Ba4 d6 5. c3 Nge7 6. d4 Bd7 7. Be3 Ng6 8. h4 Be7 9. h5 Nh4 10. Nxh4 Bxh4 11. d5 Nb8 12. Bxd7+ Nxd7 13. Qg4 Bf6 14. Nd2 h6 15. g3 Qe7 16. O-O-O O-O-O 17. Rhe1 Kb8 18. Nc4 g6 19. Na5 Rdg8 20. Qe2 Qe8 21. c4 Kc8 22. Rd3 b6 23. Nc6 Nb8 24. Nxb8 Kxb8 25. Ra3 a5 26. c5 dxc5 27. Bxc5 Be7 28. Bxe7 Qxe7 29. Kb1 gxh5 30. Qxh5 Rg5 31. Qe2 h5 32. Rc1 h4 33. gxh4 Rxh4 34. Rac3 Rh2 35. Rxc7 Qxc7 36. Rxc7 Kxc7 37. Qc4+ Kb8 38. a4 Rxf2 39. Qc6 Rgg2 40. Qxb6+ Kc8 41. Qc5+ Kb7 42. Qe7+ Kb6 43. Qd6+ Kb7 44. Qxe5 f6 45. Qe7+ Kc8 46. Qc5+ Kd7 47. Qc6+ Kd8 48. Qb7 Rh2 49. Ka1 Rh1+ 50. Ka2 Rhh2 51. Qb3 Kd7 52. Ka3 Kd6 53. Qb8+ Kc5 54. Qb5+ Kd4 55. d6 Kxe4 56. d7 Rd2 57. Qc6+ Kf5 58. Qc8 1-0

[Event "Capablanca mem-C 13th"]
[Site "Cienfuegos City CUB"]
[Date "1976.05.30"]
[Round "14"]
[White "Quinones, Oscar Carillo"]
[Black "Soler, Alberto"]
[Result "1-0"]
[WhiteElo "2350"]
[BlackElo "2345"]
[PlyCount "97"]
[EventDate "1976.05.17"]
[Source "www.chesslib.no"]
[SourceDate "2004.05.04"]

1. e4 e5 2. Nf3 Nc6 3. Bb5 a6 4. Ba4 d6 5. c3 Nf6 6. d4 Bd7 7. Nbd2 g6 8. O-O Bg7 9. Re1 O-O 10. h3 Qe8 11. Bb3 Nh5 12. Nc4 Kh8 13. Ne3 Rc8 14. dxe5 dxe5 15. Nd5 Nd8 16. Be3 Ne6 17. Ng5 h6 18. Nf3 f5 19. exf5 gxf5 20. Bd2 e4 21. Nh4 Nc5 22. Ne7 Nxb3 23. axb3 Rf6 24. Nxc8 Bxc8 25. Nf3 Qg6 26. Ne5 Qe8 27. f4 Rd6 28. Qe2 Nxf4 29. Bxf4 Bxe5 30. Qf2 Bd7 31. Rad1 Bc6 32. Qg3 Bxf4 33. Qxf4 Rg6 34. Re3 Qg8 35. Rd2 Qf8 36. Qxc7 Rg8 37. Qe5+ Kh7 38. Rd6 f4 39. Rf6 Qg7 40. Qf5+ Kh8 41. Re2 f3 42. Qf4 Rd8 43. Rd2 Rxd2 44. Rxh6+ Kg8 45. Qxd2 e3 46. Qd8+ Kf7 47. Qc7+ Kg8 48. Qxg7+ Kxg7 49. Re6 1-0

[Event "SVK Team Ch"]
[Site "Slovakia"]
[Date "1994.??.??"]
[Round "?"]
[White "Meister, Yakov"]
[Black "Lenhart, Djuro"]
[Result "1-0"]
[WhiteElo "2445"]
[BlackElo "2250"]
[PlyCount "129"]
[EventDate "1994.??.??"]
[Source "www.chesslib.no"]
[SourceDate "2004.05.04"]

1. e4 e5 2. Nf3 Nc6 3. Bb5 d6 4. c3 a6 5. Ba4 Bg4 6. h3 Bxf3 7. Qxf3 Qf6 8. Qe2 Qg6 9. O-O Nf6 10. d3 Nh5 11. d4 b5 12. Bxb5 axb5 13. Qxb5 Qxe4 14. Nd2 Ra5 15. Qxa5 Qxg2+ 16. Kxg2 Nf4+ 17. Kh1 Nxa5 18. dxe5 dxe5 19. Nf3 Nd3 20. Nxe5 Nxe5 21. Re1 Bd6 22. f4 f6 23. fxe5 fxe5 24. b4 Nc6 25. Rf1 Ke7 26. a4 Ke6 27. a5 Na7 28. Be3 c5 29. c4 Nc6 30. b5 Nb4 31. Rad1 Rc8 32. a6 Ra8 33. Rxd6+ Kxd6 34. Rd1+ Kc7 35. Bxc5 Nxa6 36. Bd6+ Kb6 37. bxa6 Rxa6 38. Bxe5 Kc5 39. Bxg7 Kxc4 40. Kh2 Rg6 41. Be5 Re6 42. Bf4 Re7 43. h4 Rf7 44. Kg3 Rg7+ 45. Kf3 Kc5 46. h5 Kc6 47. Ke4 Rf7 48. Be5 Rf2 49. Rd6+ Kb7 50. Rd7+ Ka8 51. Bd4 Re2+ 52. Kd5 h6 53. Rh7 Rg2 54. Rxh6 Kb7 55. Rh7+ Kc8 56. Kc6 Kd8 57. Bc5 Ke8 58. Re7+ Kd8 59. Rf7 Rg8 60. h6 Ke8 61. Re7+ Kd8 62. Ra7 Rg6+ 63. Bd6 Ke8 64. Re7+ Kf8 65. Rg7+ 1-0

[Event "USA-op"]
[Site "Chicago, IL USA"]
[Date "1994.??.??"]
[Round "5"]
[White "Morris, Matthew"]
[Black "Curdo, John"]
[Result "1-0"]
[WhiteElo "2315"]
[BlackElo "2325"]
[PlyCount "102"]
[EventDate "1994.08.??"]
[Source "www.chesslib.no"]
[SourceDate "2004.05.04"]

1. e4 e5 2. Nf3 Nc6 3. Bb5 a6 4. Ba4 d6 5. c3 Bg4 6. h3 Bd7 7. O-O Nge7 8. d4 Ng6 9. Nbd2 Be7 10. Bb3 O-O 11. Nc4 Kh8 12. Kh2 exd4 13. cxd4 Bf6 14. Ne3 Na5 15. Bc2 Nc6 16. Nd5 Nh4 17. Nxh4 Bxh4 18. f4 f5 19. g3 Be7 20. e5 dxe5 21. Nxe7 Qxe7 22. dxe5 Rad8 23. Be3 Nb4 24. Qc1 Bc6 25. Bb3 Nd3 26. Qc3 Be4 27. Rfd1 b5 28. Bc2 b4 29. Qb3 Nc5 30. Qc4 Ne6 31. Bxe4 fxe4 32. Qxe4 c5 33. f5 Ng5 34. Qf4 Ne6 35. Qe4 Ng5 36. Qf4 Ne6 37. Qf2 Nd4 38. Bxd4 cxd4 39. Rxd4 Rxd4 40. Qxd4 Rxf5 41. Re1 h6 42. e6 Rf6 43. Qe4 Rf2+ 44. Kg1 Rf8 45. Re2 Qf6 46. e7 Qf1+ 47. Kh2 Rf2+ 48. Rxf2 Qxf2+ 49. Qg2 Qe3 50. Qa8+ Kh7 51. e8=Q Qg5 1-0

[Event "SVK-chT1W 9899"]
[Site "SVK"]
[Date "1998.??.??"]
[Round "3"]
[White "Salai, Ladislav"]
[Black "Felcir, Jaroslav"]
[Result "1-0"]
[WhiteElo "2430"]
[BlackElo "2195"]
[PlyCount "65"]
[EventDate "1998.??.??"]
[Source "www.chesslib.no"]
[SourceDate "2004.05.04"]

1. e4 e5 2. Nf3 Nc6 3. Bb5 a6 4. Ba4 d6 5. c3 Nf6 6. d4 b5 7. Bb3 Bg4 8. d5 Na5 9. Bc2 c5 10. h3 Bd7 11. O-O Be7 12. a4 Qc8 13. axb5 axb5 14. b3 O-O 15. Be3 h6 16. Nbd2 Nh7 17. Qe2 Qb7 18. Ra2 b4 19. c4 Ra6 20. Nh2 g5 21. Qh5 Kg7 22. Rfa1 Nf6 23. Qe2 Rfa8 24. Ndf1 Qb6 25. h4 g4 26. f4 Nb7 27. Rxa6 Rxa6 28. Rxa6 Qxa6 29. f5 Qa8 30. Nxg4 Nxg4 31. Qxg4+ Kh7 32. Qh5 Qf8 33. Nh2 1-0